Báo chí điều tra Sách tham khảo nghiệp vụ
محفوظ في:
| المؤلف الرئيسي: | |
|---|---|
| التنسيق: | كتاب |
| اللغة: | Undetermined |
| منشور في: |
Hà Nội
Thông Tấn
2004
|
| الموضوعات: | |
| الوسوم: |
إضافة وسم
لا توجد وسوم, كن أول من يضع وسما على هذه التسجيلة!
|
| Thư viện lưu trữ: | Trung tâm Học liệu Trường Đại học Cần Thơ |
|---|
| LEADER | 00602nam a2200205Ia 4500 | ||
|---|---|---|---|
| 001 | CTU_91943 | ||
| 008 | 210402s9999 xx 000 0 und d | ||
| 020 | |c 48000 | ||
| 082 | |a 070.4 | ||
| 082 | |b C522 | ||
| 100 | |a Chertưchơnưi, A. A. | ||
| 245 | 0 | |a Báo chí điều tra | |
| 245 | 0 | |b Sách tham khảo nghiệp vụ | |
| 245 | 0 | |c A. A. Chertưchơnưi; Phạm Thảo và Huyền Nhung dịch | |
| 260 | |a Hà Nội | ||
| 260 | |b Thông Tấn | ||
| 260 | |c 2004 | ||
| 650 | |a Journalism | ||
| 904 | |i Mai Loan | ||
| 980 | |a Trung tâm Học liệu Trường Đại học Cần Thơ | ||